[Event "POL Ch 52"]
[Site "Warszawa"]
[Date "1995.??.??"]
[Round "1"]
[White "Czerwonski, Aleksander"]
[Black "Kuczynski, Robert"]
[Result "1/2-1/2"]
[WhiteElo "2370"]
[BlackElo "2510"]
[PlyCount "29"]
[EventDate "1995.??.??"]
[Source "Vistula"]
[SourceDate "1999.08.16"]

1. d4 Nf6 2. c4 e6 3. Nf3 Bb4+ 4. Bd2 Qe7 5. g3 Nc6 6. Nc3 Bxc3 7. Bxc3 Ne4 8.
Rc1 O-O 9. Bg2 d6 10. d5 Nd8 11. dxe6 Nxe6 12. O-O Nxc3 13. Rxc3 Bd7 14. Nd2 a5
15. Re1 1/2-1/2

[Event "POL Ch 52"]
[Site "Warszawa"]
[Date "1995.??.??"]
[Round "1"]
[White "Grabarczyk, Bogdan"]
[Black "Wojtkiewicz, Aleksander"]
[Result "0-1"]
[WhiteElo "2375"]
[BlackElo "2530"]
[PlyCount "64"]
[EventDate "1995.??.??"]
[Source "Vistula"]
[SourceDate "1999.08.16"]

1. e4 c5 2. Nf3 d6 3. d4 cxd4 4. Nxd4 Nf6 5. Nc3 a6 6. Bg5 e6 7. f4 Qc7 8. Qe2
Nc6 9. O-O-O Nxd4 10. Rxd4 Be7 11. Qd3 $6 b5 (11... h6 {/\ g5}) 12. Be2 Bb7 13.
Rd1 Rc8 14. Bxf6 Bxf6 15. Rxd6 Be7 16. e5 (16. Rd4 Qxf4+ $15) 16... Bxd6 17.
exd6 Qd7 18. f5 exf5 19. Qe3+ Kf8 20. g4 $2 (20. Bd3) 20... h5 $1 21. Bd3 hxg4
22. Bxf5 Qxf5 23. Qe7+ Kg8 24. d7 Rxh2 $1 25. dxc8=R+ Bxc8 26. Ne4 Be6 27. Qc7
Rh5 28. Ng3 Qg5+ 29. Kb1 Rh3 30. Ne4 Qd5 31. Nf2 Qxa2+ 32. Kc1 Rh5 {
[Wojtkiewicz]} 0-1

[Event "POL Ch 52"]
[Site "Warszawa"]
[Date "1995.??.??"]
[Round "1"]
[White "Grabarczyk, Miroslaw"]
[Black "Weglarz, Leszek"]
[Result "1/2-1/2"]
[WhiteElo "2440"]
[BlackElo "2365"]
[PlyCount "73"]
[EventDate "1995.??.??"]
[Source "Vistula"]
[SourceDate "1999.08.16"]

1. d4 d5 2. c4 dxc4 3. Nf3 c5 4. e3 e6 5. Bxc4 a6 6. a4 Nf6 7. O-O Nc6 8. Qe2
Qc7 9. Nc3 Be7 10. Rd1 O-O 11. Bd2 b6 12. d5 exd5 13. Nxd5 Nxd5 14. Bxd5 Bb7
15. Bc3 Nd8 16. Ne5 Bd6 17. Nc4 Bxh2+ 18. Kh1 Bxd5 19. Rxd5 Ne6 20. Nxb6 Qxb6
21. Kxh2 Rfd8 22. Rad1 Rxd5 23. Rxd5 Qc6 24. Qd1 h6 25. Rd6 Qe4 26. Qd5 Qxd5
27. Rxd5 Rd8 28. Rxd8+ Nxd8 29. Kg3 Ne6 30. Kg4 g6 31. Bf6 c4 32. Kf3 Nc5 33.
Bd4 Nd3 34. e4 f5 35. exf5 gxf5 36. Ke3 Kf7 37. Bc3 1/2-1/2

[Event "POL Ch 52"]
[Site "Warszawa"]
[Date "1995.??.??"]
[Round "1"]
[White "Kaminski, Marcin"]
[Black "Gdanski, Jacek"]
[Result "1/2-1/2"]
[WhiteElo "2455"]
[BlackElo "2490"]
[PlyCount "99"]
[EventDate "1995.??.??"]
[Source "Vistula"]
[SourceDate "1999.08.16"]

1. e4 e6 2. d4 d5 3. Nc3 Bb4 4. e5 c5 5. a3 Bxc3+ 6. bxc3 Qc7 7. Nf3 b6 8. Bd3
Ba6 9. O-O Bxd3 10. cxd3 Ne7 11. a4 Nd7 12. Ba3 O-O 13. Rc1 Rfe8 14. c4 Rac8
15. cxd5 Nxd5 16. Ng5 f6 17. exf6 N5xf6 18. Re1 Qd6 19. dxc5 bxc5 20. Ne4 Nxe4
21. dxe4 Qxd1 22. Rexd1 Rc7 23. Kf1 Rb8 24. Rc3 Rb6 25. Rcd3 Ne5 26. Rd8+ Kf7
27. Bc1 Nc6 28. R8d3 Rb4 29. Be3 Ne5 30. Rc3 Rxe4 31. Bxc5 Rxa4 32. Bd4 Rd7 33.
Re1 Rdxd4 34. Rxe5 Kf6 35. Rce3 Rd6 36. g3 a6 37. Kg2 Rb4 38. Rc5 Ke7 39. Ra3
Rbb6 40. Rf3 Rd7 41. Rc8 a5 42. Rg8 g6 43. Ra8 Rb5 44. Ra3 Rdd5 45. Ra7+ Kd6
46. Rxh7 Kc5 47. Ra7 Kb4 48. Ra1 g5 49. h4 gxh4 50. gxh4 1/2-1/2

[Event "POL Ch 52"]
[Site "Warszawa"]
[Date "1995.??.??"]
[Round "1"]
[White "Macieja, Bartlomiej"]
[Black "Kempinski, Robert"]
[Result "0-1"]
[WhiteElo "2440"]
[BlackElo "2435"]
[PlyCount "122"]
[EventDate "1995.??.??"]
[Source "Vistula"]
[SourceDate "1999.08.16"]

1. e4 c5 2. Nf3 d6 3. d4 cxd4 4. Nxd4 Nf6 5. Nc3 a6 6. Bc4 e6 7. Bb3 b5 8. O-O
Be7 9. Qf3 Qc7 10. Qg3 O-O 11. Bh6 Ne8 12. Rad1 Bf6 13. Nce2 Nc6 14. c3 Kh8 15.
Bg5 Bb7 16. Rfe1 Bxg5 17. Qxg5 Nf6 18. Qh4 Ne5 19. Ng3 Qc5 20. Qg5 Nc4 21. Qc1
Rad8 22. h3 d5 23. e5 Ne4 24. Bxc4 Qxc4 25. a3 Qc7 26. Nf1 Rde8 27. f3 Nc5 28.
Nh2 Qb6 29. Ng4 a5 30. Qe3 Na4 31. b3 Nc5 32. h4 b4 33. cxb4 axb4 34. a4 Ba6
35. h5 f5 36. Nf2 Rc8 37. Rc1 f4 $1 38. Qd2 Nd3 $1 39. Nxd3 Qxd4+ 40. Kh2 Qxd3
41. Qxb4 Qf5 42. Qd6 Bd3 43. b4 Qxh5+ 44. Kg1 Qf7 45. b5 Bc4 46. b6 Rfd8 47.
Qb4 Qf8 48. Rb1 Rb8 49. b7 Qf7 50. Rb2 h6 51. Reb1 Qc7 52. Qb6 Qxe5 53. a5 Qe3+
54. Kh2 d4 55. a6 Rd5 56. Rb5 Bxb5 57. Rxb5 Rxb5 58. Qxb5 d3 59. Qd7 Rg8 60.
Qxd3 Qxd3 61. a7 Qd8 0-1

[Event "POL Ch 52"]
[Site "Warszawa"]
[Date "1995.??.??"]
[Round "1"]
[White "Markowski, Tomasz"]
[Black "Jaracz, Pawel"]
[Result "1-0"]
[WhiteElo "2470"]
[BlackElo "2410"]
[PlyCount "83"]
[EventDate "1995.??.??"]
[Source "Vistula"]
[SourceDate "1999.08.16"]

1. Nf3 d5 2. e3 c6 3. c4 Nf6 4. d4 e6 5. Bd3 Nbd7 6. O-O dxc4 7. Bxc4 b5 8. Bd3
a6 9. a4 b4 10. Qe2 c5 11. Rd1 Bb7 12. e4 cxd4 13. Nxd4 Bd6 14. Bg5 Qb8 15. h3
h6 16. Bxf6 gxf6 17. Nd2 Ke7 18. Nc4 Rg8 19. Nxd6 Qxd6 20. Bb5 axb5 21. Nf5+
exf5 22. Rxd6 Kxd6 23. Qxb5 Bc6 24. Rd1+ Kc7 25. Rc1 Ne5 26. f4 Nf3+ 27. Kf2
Nd4 28. Qc5 Rgd8 29. a5 Ra6 30. Rc4 fxe4 31. Rxd4 Rxd4 32. Qxd4 Rxa5 33. Qxf6
Rc5 34. Qxf7+ Kb6 35. Ke3 Rd5 36. f5 Rd3+ 37. Kf4 Rd2 38. Qc4 Rf2+ 39. Ke5 Kc7
40. Qxb4 Rxg2 41. f6 e3 42. f7 1-0

[Event "POL Ch 52"]
[Site "Warszawa"]
[Date "1995.??.??"]
[Round "1"]
[White "Matlak, Marek"]
[Black "Oliwa, Marek"]
[Result "1/2-1/2"]
[WhiteElo "2465"]
[BlackElo "2405"]
[PlyCount "192"]
[EventDate "1995.??.??"]
[Source "Vistula"]
[SourceDate "1999.08.16"]

1. d4 c5 2. e3 Nf6 3. Nf3 g6 4. dxc5 Qa5+ 5. c3 Qxc5 6. b4 Qc7 7. Bb2 Bg7 8.
Nbd2 O-O 9. Be2 b6 10. O-O Bb7 11. c4 d6 12. Rc1 Nbd7 13. Bd3 Rac8 14. Qb3 Qb8
15. Rfe1 Qa8 16. a3 Rfd8 17. Bf1 Nf8 18. Red1 Ne6 19. Nd4 Ng5 20. h4 Nge4 21.
Nxe4 Bxe4 22. Ne2 Bb7 23. Nc3 h6 24. Qa2 g5 25. hxg5 hxg5 26. Qb1 g4 27. Qf5 g3
28. f3 Bh6 29. Re1 Kg7 30. Qh3 Rg8 31. Qxg3+ Kf8 32. Qh3 Bg5 33. Kf2 Rd8 34.
Red1 Bc8 35. Qh1 e6 36. Bd3 Ke7 37. Ne4 Rh8 38. Qf1 Rdg8 39. Nxg5 Rxg5 40.
Bxf6+ Kxf6 41. Be4 Bb7 42. Bxb7 Qxb7 43. Qd3 Rh2 44. Qd4+ Kg6 45. Rg1 Qb8 46.
Qe4+ Kg7 47. Qf4 Rhh5 48. Rh1 Rf5 49. Qd4+ e5 50. Qe4 Rfg5 51. Rxh5 Rxh5 52.
Qg4+ Kh6 53. Qd7 Kg7 54. Qg4+ Kh6 55. Qd7 Kg7 56. Rd1 Rh6 57. b5 Re6 58. Rh1
Rg6 59. Rh5 Rf6 60. Qe7 Qc8 61. Rg5+ Rg6 62. Rxg6+ Kxg6 63. Qxd6+ f6 64. Qc6
Qf8 65. Qe4+ Kh6 66. Qd3 Qe7 67. Qb3 Qd7 68. Ke2 Qg7 69. Kf2 Qd7 70. Qc3 Qd1
71. c5 bxc5 72. Qxc5 Qd2+ 73. Kg3 Kg6 74. Qb4 Qe2 75. a4 Kf7 76. a5 Qxe3 77. b6
axb6 78. axb6 e4 79. b7 exf3 80. gxf3 Qg1+ 81. Kf4 Qh2+ 82. Ke3 Qg1+ 83. Kf4
Qh2+ 84. Ke3 Qg1+ 85. Kd2 Qf2+ 86. Kc1 Qf1+ 87. Kc2 Qe2+ 88. Qd2 Qc4+ 89. Qc3
Qe2+ 90. Kc1 Qf1+ 91. Kb2 Qe2+ 92. Qc2 Qe5+ 93. Qc3 Qe2+ 94. Kc1 Qf1+ 95. Kb2
Qe2+ 96. Kc1 Qf1+ 1/2-1/2

[Event "POL Ch 52"]
[Site "Warszawa"]
[Date "1995.??.??"]
[Round "1"]
[White "Urban, Klaudiusz"]
[Black "Schmidt, Wlodzimierz"]
[Result "1/2-1/2"]
[WhiteElo "2410"]
[BlackElo "2475"]
[PlyCount "53"]
[EventDate "1995.??.??"]
[Source "Vistula"]
[SourceDate "1999.08.16"]

1. b3 e5 2. Bb2 Nc6 3. c4 Nf6 4. g3 g6 5. Bg2 d6 6. Nc3 Bg7 7. e3 O-O 8. Nge2
Bf5 9. e4 Bg4 10. h3 Bxe2 11. Nxe2 Nd7 12. d3 Nc5 13. O-O Ne6 14. f4 exf4 15.
Bxg7 Nxg7 16. Nxf4 Nd4 17. Qd2 Nge6 18. Nd5 f6 19. Rf2 c6 20. Ne3 h5 21. Raf1
Kg7 22. h4 Qb6 23. Bh3 Qc5 24. Bxe6 Nxe6 25. Kg2 Rf7 26. Nc2 Qe5 27. Ne1
1/2-1/2

[Event "POL Ch 52"]
[Site "Warszawa"]
[Date "1995.??.??"]
[Round "2"]
[White "Gdanski, Jacek"]
[Black "Urban, Klaudiusz"]
[Result "0-1"]
[WhiteElo "2490"]
[BlackElo "2410"]
[PlyCount "128"]
[EventDate "1995.??.??"]
[Source "Vistula"]
[SourceDate "1999.08.16"]

1. e4 c6 2. c4 g6 3. d4 Bg7 4. Nc3 d6 5. Be2 Nf6 6. Bg5 O-O 7. Qd2 e5 8. Nf3
Re8 9. d5 Na6 10. dxc6 bxc6 11. Rd1 Qb6 12. O-O Nc5 13. Bxf6 Bxf6 14. Qxd6 Bg7
15. Qd2 a5 16. Qc2 a4 17. Ne1 Qa5 18. Qc1 Rb8 19. Nd3 Nxd3 20. Bxd3 Qb4 21. Qc2
Qxb2 22. Nxa4 Qxc2 23. Bxc2 Be6 24. Bb3 Bf8 25. Rfe1 Rb4 26. Nb2 Rb7 27. Nd3 f6
28. Kf1 Ba3 29. Ke2 Rd8 30. Nc1 Re8 31. Nd3 Rd8 32. f3 Rd4 33. Rb1 c5 34. Ba4
Rxb1 35. Rxb1 Bxc4 36. Bb3 Bxb3 37. Rxb3 Ra4 38. Rc3 c4 39. Nf2 Bc5 40. Ng4 Kf7
41. Rc2 Ke6 42. h3 Bd4 43. Nh2 Kd6 44. Nf1 Kc5 45. Nd2 Kb5 46. Nf1 Ra3 47. Nd2
Re3+ 48. Kf1 Bc3 49. Kf2 Bxd2 50. Rxd2 Ra3 51. g4 c3 52. Rd7 Rxa2+ 53. Ke3 h5
54. g5 fxg5 55. Rd5+ Kc4 56. Rxe5 Ra1 57. Re6 c2 58. Rc6+ Kb3 59. Rb6+ Kc3 60.
Rc6+ Kb2 61. Rb6+ Kc1 62. Ke2 Rb1 63. Rxg6 Kb2 64. Rb6+ Ka3 0-1

[Event "POL Ch 52"]
[Site "Warszawa"]
[Date "1995.??.??"]
[Round "2"]
[White "Jaracz, Pawel"]
[Black "Macieja, Bartlomiej"]
[Result "1/2-1/2"]
[WhiteElo "2410"]
[BlackElo "2440"]
[PlyCount "49"]
[EventDate "1995.??.??"]
[Source "Vistula"]
[SourceDate "1999.08.16"]

1. d4 Nf6 2. c4 e6 3. Nc3 Bb4 4. e3 c5 5. Bd3 Nc6 6. Nf3 cxd4 7. exd4 d5 8. O-O
dxc4 9. Bxc4 O-O 10. a3 Be7 11. Qd3 b6 12. Bb3 a5 13. Rd1 Ba6 14. Qc2 Rc8 15.
Bf4 Na7 16. Be5 Nb5 17. Ng5 h6 18. Bxf6 hxg5 19. Be5 Bf6 20. Rac1 Qe7 21. Ba2
Bxe5 22. dxe5 Nxc3 23. bxc3 Rfd8 24. Rxd8+ Rxd8 25. Rd1 1/2-1/2

[Event "POL Ch 52"]
[Site "Warszawa"]
[Date "1995.??.??"]
[Round "2"]
[White "Kempinski, Robert"]
[Black "Kaminski, Marcin"]
[Result "1/2-1/2"]
[WhiteElo "2435"]
[BlackElo "2455"]
[PlyCount "30"]
[EventDate "1995.??.??"]
[Source "Vistula"]
[SourceDate "1999.08.16"]

1. Nf3 Nf6 2. c4 g6 3. b4 a5 4. b5 Bg7 5. Bb2 c6 6. e3 cxb5 7. cxb5 O-O 8. Be2
d6 9. d4 Nbd7 10. O-O Nb6 11. Nbd2 Bf5 12. Rc1 Qd7 13. Qb3 a4 14. Qa3 Rfc8 15.
h3 e6 1/2-1/2

[Event "POL Ch 52"]
[Site "Warszawa"]
[Date "1995.??.??"]
[Round "2"]
[White "Kuczynski, Robert"]
[Black "Grabarczyk, Bogdan"]
[Result "0-1"]
[WhiteElo "2510"]
[BlackElo "2375"]
[PlyCount "52"]
[EventDate "1995.??.??"]
[Source "Vistula"]
[SourceDate "1999.08.16"]

1. e4 c5 2. Nf3 d6 3. Bb5+ Nd7 4. O-O a6 5. Bxd7+ Bxd7 6. d4 cxd4 7. Qxd4 Nf6
8. Bg5 h6 9. Bxf6 gxf6 10. Nc3 e6 11. a4 Rc8 12. Nd2 Rg8 13. Nc4 Qc7 14. Ne3 (
14. Nb6 Qc5 15. Rfd1 Qxd4 16. Rxd4 Rc5 17. Nxd7 Kxd7 $11 {_|_}) 14... Be7 15.
Rfe1 Qc5 16. Qd3 Kf8 17. f4 Bc6 18. Kh1 Bd8 19. Ned5 $6 f5 $1 $13 20. Qh3 Kg7
21. b4 (21. Ne3 fxe4) 21... Qc4 22. Ne3 Qxb4 23. exf5 $2 (23. Rab1 Qc5 24. exf5
) 23... Qxc3 24. fxe6 Qf6 25. exf7 Kxf7 26. Qxc8 Bb6 {[Grabarczyk,B]} 0-1

[Event "POL Ch 52"]
[Site "Warszawa"]
[Date "1995.??.??"]
[Round "2"]
[White "Oliwa, Marek"]
[Black "Czerwonski, Aleksander"]
[Result "1/2-1/2"]
[WhiteElo "2405"]
[BlackElo "2370"]
[PlyCount "30"]
[EventDate "1995.??.??"]
[Source "Vistula"]
[SourceDate "1999.08.16"]

1. g3 d5 2. Bg2 Nf6 3. Nf3 e6 4. O-O Be7 5. c4 O-O 6. b3 b6 7. Bb2 Bb7 8. d4
Ne4 9. Nbd2 f5 10. Ne5 Nd7 11. Nd3 Qe8 12. Rc1 c5 13. e3 Bd6 14. Nf3 Qe7 15.
Qe2 Rac8 1/2-1/2

[Event "POL Ch 52"]
[Site "Warszawa"]
[Date "1995.??.??"]
[Round "2"]
[White "Schmidt, Wlodzimierz"]
[Black "Grabarczyk, Miroslaw"]
[Result "1/2-1/2"]
[WhiteElo "2475"]
[BlackElo "2440"]
[PlyCount "34"]
[EventDate "1995.??.??"]
[Source "Vistula"]
[SourceDate "1999.08.16"]

1. Nf3 Nf6 2. c4 e6 3. Nc3 d5 4. d4 Be7 5. Bg5 O-O 6. e3 h6 7. Bh4 Ne4 8. Bxe7
Qxe7 9. cxd5 Nxc3 10. bxc3 exd5 11. Qb3 Rd8 12. c4 dxc4 13. Bxc4 Nc6 14. Be2 b6
15. O-O Bb7 16. Rac1 Rac8 17. Rfd1 Na5 1/2-1/2

[Event "POL Ch 52"]
[Site "Warszawa"]
[Date "1995.??.??"]
[Round "2"]
[White "Socko, Bartosz"]
[Black "Markowski, Tomasz"]
[Result "1-0"]
[WhiteElo "2385"]
[BlackElo "2470"]
[PlyCount "119"]
[EventDate "1995.??.??"]
[Source "Vistula"]
[SourceDate "1999.08.16"]

1. e4 g6 2. d4 Bg7 3. Nc3 c5 4. Nf3 cxd4 5. Nxd4 Nc6 6. Be3 Nf6 7. Be2 O-O 8.
O-O d6 9. Kh1 Bd7 10. f3 Rc8 11. Nxc6 bxc6 12. Qd2 Rb8 13. Rab1 Qa5 14. a3 Rb7
15. b4 Qc7 16. Ba6 Rbb8 17. Ne2 Bc8 18. Bd3 Nd7 19. f4 c5 20. Nc3 Bb7 21. Nb5
Qb6 $2 (21... Qd8 $142) 22. c4 a6 23. Nc3 Bxc3 $2 24. Qxc3 cxb4 25. Bxb6 bxc3
26. Ba7 Nc5 27. Bc2 $1 f6 28. Kg1 Kf7 29. e5 f5 30. Rfd1 Ke6 31. exd6 exd6 32.
Bxc5 dxc5 33. Rb6+ Ke7 34. Rdb1 Be4 35. Rxb8 Rxb8 36. Rxb8 Bxc2 37. Kf2 Be4 38.
Ke3 Bxg2 39. Rb6 g5 40. fxg5 Be4 41. Rf6 (41. Rxa6) 41... h6 42. h4 (42. Rxh6)
42... hxg5 43. hxg5 a5 44. Ke2 a4 45. Kd1 Bd3 46. Rc6 Kf7 47. Rxc5 Kg6 48. Rc8
f4 49. Rg8+ Kf7 50. Rd8 Bxc4 51. Rd6 Be6 52. Rc6 Bb3+ 53. Kc1 c2 54. Rf6+ Kg7
55. Kd2 Kh7 56. Rxf4 Kg6 57. Rg4 Kf5 58. Rg3 Kg6 59. Rxb3 axb3 60. a4 {[Socko]}
1-0

[Event "POL Ch 52"]
[Site "Warszawa"]
[Date "1995.??.??"]
[Round "2"]
[White "Weglarz, Leszek"]
[Black "Matlak, Marek"]
[Result "1/2-1/2"]
[WhiteElo "2365"]
[BlackElo "2465"]
[PlyCount "84"]
[EventDate "1995.??.??"]
[Source "Vistula"]
[SourceDate "1999.08.16"]

1. c4 e6 2. Nf3 d5 3. e3 Nf6 4. Nc3 Be7 5. d4 O-O 6. Bd3 b6 7. O-O Bb7 8. b3
Nbd7 9. Bb2 c5 10. Qe2 Rc8 11. cxd5 exd5 12. Rfd1 Qc7 13. Rac1 Rfe8 14. h3 Qb8
15. Bb5 Red8 16. Ne5 Nf8 17. Bd3 Ne6 18. Bb1 a6 19. Na4 Qa7 20. dxc5 bxc5 21.
Ng4 Nxg4 22. Qxg4 Bf8 23. Nc3 Bc6 24. Ne2 Qe7 25. Nf4 Nxf4 26. Qxf4 Re8 27. Ba3
Bb7 28. Bf5 Rc7 29. Bb1 Qd6 30. Qxd6 Bxd6 31. Bd3 Kf8 32. Be2 Ke7 33. Bf3 Ke6
34. Bb2 g6 35. Bg4+ f5 36. Bf3 Be5 37. Bxe5 Kxe5 38. g3 a5 39. h4 Ra8 40. Kg2
a4 41. b4 c4 42. a3 Rd8 1/2-1/2

[Event "POL Ch 52"]
[Site "Warszawa"]
[Date "1995.??.??"]
[Round "3"]
[White "Czerwonski, Aleksander"]
[Black "Weglarz, Leszek"]
[Result "1/2-1/2"]
[WhiteElo "2370"]
[BlackElo "2365"]
[PlyCount "29"]
[EventDate "1995.??.??"]
[Source "Vistula"]
[SourceDate "1999.08.16"]

1. d4 d5 2. c4 e6 3. Nf3 dxc4 4. e3 c5 5. Bxc4 Nf6 6. O-O a6 7. a4 Nc6 8. Qe2
Qc7 9. Nc3 Be7 10. dxc5 Bxc5 11. e4 Ng4 12. g3 Nge5 13. Nxe5 Nxe5 14. Bf4 g5
15. Bxe5 1/2-1/2

[Event "POL Ch 52"]
[Site "Warszawa"]
[Date "1995.??.??"]
[Round "3"]
[White "Grabarczyk, Bogdan"]
[Black "Oliwa, Marek"]
[Result "1-0"]
[WhiteElo "2375"]
[BlackElo "2405"]
[PlyCount "77"]
[EventDate "1995.??.??"]
[Source "Vistula"]
[SourceDate "1999.08.16"]

1. e4 Nf6 2. Nc3 d5 3. e5 Nfd7 4. d4 c5 5. f4 cxd4 6. Nb5 Nc6 7. Nf3 Qa5+ 8.
Qd2 Qb6 9. Nbxd4 Nc5 10. Nb3 $6 (10. c3 $142 {/\ Be2,0-0}) 10... Bg4 11. Qf2
Qb4+ $2 12. Bd2 Qe4+ 13. Be2 Nxb3 14. axb3 Qxc2 15. e6 $1 Bxe6 16. O-O Bd7 17.
Rfc1 $2 (17. b4 e6 18. Rfc1 {/\ b5}) 17... Qxb3 18. Bd1 Qd3 19. b4 e6 20. Be2
Qe4 21. b5 Nb4 22. Rc7 $2 (22. Rxa7 $1) 22... Bd6 23. Rxb7 Rc8 24. Kh1 Bc5 25.
Qf1 d4 $2 (25... f6 $13) 26. Rxd7 $1 Kxd7 27. Ne5+ Ke8 28. Rc1 d3 29. Bf3 Qd4
30. Rc4 Qd8 31. Rxc5 Rxc5 32. Bxb4 Rd5 33. Bxd5 Qxd5 34. Qc1 Qb7 35. Qc4 h5 36.
Qxd3 h4 37. h3 Qc8 38. Kh2 Rh5 39. Qd6 {[Grabarczyk,B]} 1-0

[Event "POL Ch 52"]
[Site "Warszawa"]
[Date "1995.??.??"]
[Round "3"]
[White "Grabarczyk, Miroslaw"]
[Black "Gdanski, Jacek"]
[Result "1-0"]
[WhiteElo "2440"]
[BlackElo "2490"]
[PlyCount "81"]
[EventDate "1995.??.??"]
[Source "Vistula"]
[SourceDate "1999.08.16"]

1. d4 g6 2. c4 Bg7 3. Nf3 c5 4. d5 d6 5. e4 Bg4 6. Be2 e6 7. O-O exd5 8. cxd5
Nf6 9. Nc3 O-O 10. h3 Bxf3 11. Bxf3 a6 12. a4 Nbd7 13. Re1 Rb8 14. Be2 Re8 15.
Bf1 Nh5 16. g4 Nhf6 17. a5 h5 18. g5 Nh7 19. f4 Bd4+ 20. Kg2 $1 (20. Kh1 $6 Bf2
{/\ Bh4}) 20... h4 21. Bd3 f6 $2 22. e5 $1 dxe5 23. Bxg6 Re7 24. Bxh7+ Kxh7 25.
Ne4 Rg7 26. Qg4 $1 Qf8 27. Kh1 $2 (27. f5 $16) 27... f5 28. Qxh4+ Kg8 29. Nf6+
Nxf6 30. gxf6 Qd8 $1 $15 31. Kh2 e4 32. Be3 Bxf6 33. Qh6 Bxb2 34. Qe6+ Kh8 35.
Rab1 Qh4 36. Rg1 Rbg8 37. Qxf5 Rg3 38. Bxc5 e3 39. Rxb2 $1 Rxg1 40. Bd4+ R1g7
$2 (40... R8g7 $11) 41. Rg2 {[Grabarczyk,M]} 1-0

[Event "POL Ch 52"]
[Site "Warszawa"]
[Date "1995.??.??"]
[Round "3"]
[White "Kaminski, Marcin"]
[Black "Jaracz, Pawel"]
[Result "1-0"]
[WhiteElo "2455"]
[BlackElo "2410"]
[PlyCount "49"]
[EventDate "1995.??.??"]
[Source "Vistula"]
[SourceDate "1999.08.16"]

1. e4 d6 2. d4 Nf6 3. Nc3 g6 4. Bg5 Bg7 5. Qd2 h6 6. Bf4 a6 7. Be2 Nc6 8. O-O-O
Ng4 9. Bxg4 Bxg4 10. f3 Bd7 11. Nge2 b5 (11... e5 $15) 12. e5 b4 13. Ne4 f5 14.
exf6 exf6 15. g4 (15. d5 Ne5 16. Bxe5 dxe5 17. Qxb4 $14) 15... a5 16. N2g3 (16.
h4 $5) 16... f5 17. gxf5 gxf5 18. Nh5 Bxd4 19. Qg2 Qh4 $2 (19... Kf7 $142) (
19... Qe7 20. Nxd6+ cxd6 21. Rhe1 Be5 22. Bxe5 dxe5 23. Qg6+ $18) 20. Qg6+ Kd8
21. Nxd6 cxd6 22. Qxd6 Rh7 23. Rhg1 Re7 24. Rxd4 Nxd4 25. Qb6+ {[Kaminski]} 1-0

[Event "POL Ch 52"]
[Site "Warszawa"]
[Date "1995.??.??"]
[Round "3"]
[White "Macieja, Bartlomiej"]
[Black "Socko, Bartosz"]
[Result "0-1"]
[WhiteElo "2440"]
[BlackElo "2385"]
[PlyCount "100"]
[EventDate "1995.??.??"]
[Source "Vistula"]
[SourceDate "1999.08.16"]

1. e4 e6 2. Nc3 d5 3. d4 Bb4 4. e5 c5 5. Bd2 cxd4 6. Nb5 Bxd2+ 7. Qxd2 Nc6 8.
Nf3 f6 9. Qf4 fxe5 10. Nxe5 Nf6 11. Nxc6 bxc6 12. Nc7+ Kf7 13. O-O-O g5 14. Qe5
Rb8 15. Be2 Rb7 16. Na6 Qa5 17. Rd3 Qxa2 18. Rf3 Qxb2+ 19. Kd2 d3 20. Rxf6+ Ke7
21. Rxe6+ Bxe6 22. Qxg5+ Qf6 23. Qxf6+ Kxf6 24. Bxd3 Bf5 25. Nc5 Rg7 26. g3
Bxd3 27. Kxd3 Ke5 28. Ra1 Kd6 29. Nb3 Rb8 30. Nd4 Rf7 31. f4 c5 32. Nf3 Rb2 33.
Ne5 Rfb7 34. Nf3 Rb1 35. Ra6+ R1b6 36. Ra1 a6 37. Nh4 Ra7 38. Re1 Kc6 39. Nf5
Rd7 40. Ne7+ Kb7 41. Re5 Rb4 42. Ng8 d4 43. Rxc5 Rc7 44. Rxc7+ Kxc7 45. Nf6 Kd6
46. c3 dxc3 47. Kxc3 Rb7 48. Ne4+ Kd5 49. Nf6+ Kc6 50. g4 a5 0-1

[Event "POL Ch 52"]
[Site "Warszawa"]
[Date "1995.??.??"]
[Round "3"]
[White "Matlak, Marek"]
[Black "Schmidt, Wlodzimierz"]
[Result "1/2-1/2"]
[WhiteElo "2465"]
[BlackElo "2475"]
[PlyCount "26"]
[EventDate "1995.??.??"]
[Source "Vistula"]
[SourceDate "1999.08.16"]

1. d4 Nf6 2. Nf3 g6 3. e3 Bg7 4. Be2 O-O 5. b3 c5 6. O-O d5 7. Bb2 Ne4 8. Nbd2
Nc6 9. c3 e5 10. Nxe4 dxe4 11. Nxe5 Nxe5 12. dxe5 Bxe5 13. Qc2 Bf5 1/2-1/2

[Event "POL Ch 52"]
[Site "Warszawa"]
[Date "1995.??.??"]
[Round "3"]
[White "Urban, Klaudiusz"]
[Black "Kempinski, Robert"]
[Result "1-0"]
[WhiteElo "2410"]
[BlackElo "2435"]
[PlyCount "97"]
[EventDate "1995.??.??"]
[Source "Vistula"]
[SourceDate "1999.08.16"]

1. g3 g6 2. Bg2 Bg7 3. Nf3 Nf6 4. O-O O-O 5. c4 d6 6. Nc3 e5 7. d3 Re8 8. Rb1
c6 9. b4 h6 10. b5 d5 11. bxc6 Nxc6 12. Nd2 d4 13. Nce4 Bf8 14. Nxf6+ Qxf6 15.
Qa4 Kg7 16. Ba3 Bxa3 17. Qxa3 Qe7 18. Qxe7 Rxe7 19. Rb3 Rc7 20. Rfb1 Nd8 21.
Ne4 Rc6 22. Rb5 f6 23. R1b2 Ne6 24. Nd2 Rb6 25. a4 Rxb5 26. Rxb5 Rb8 27. a5 b6
28. Ne4 Bb7 29. axb6 Bxe4 30. bxa7 Ra8 31. Bxe4 Rxa7 32. h4 Rc7 33. Bd5 Nc5 34.
Rb8 f5 35. f3 Nd7 36. Rg8+ Kf6 37. Rh8 Nb6 38. Rf8+ Kg7 39. Rd8 Nxd5 40. Rxd5
Kf6 41. Rd6+ Kf7 42. h5 gxh5 43. Rxh6 Rc8 44. Rxh5 Kg6 45. Rh4 Ra8 46. Kf2 Ra2
47. g4 fxg4 48. Rxg4+ Kf5 49. Re4 1-0

[Event "POL Ch 52"]
[Site "Warszawa"]
[Date "1995.??.??"]
[Round "4"]
[White "Gdanski, Jacek"]
[Black "Matlak, Marek"]
[Result "1/2-1/2"]
[WhiteElo "2490"]
[BlackElo "2465"]
[PlyCount "39"]
[EventDate "1995.??.??"]
[Source "Vistula"]
[SourceDate "1999.08.16"]

1. e4 e6 2. d4 d5 3. Nc3 Nf6 4. Bg5 dxe4 5. Nxe4 Nbd7 6. Nxf6+ Nxf6 7. Nf3 h6
8. Bh4 c5 9. Bb5+ Bd7 10. Bxd7+ Qxd7 11. Bxf6 gxf6 12. dxc5 Bxc5 13. Qxd7+ Kxd7
14. Ke2 Ke7 15. Rhd1 Rad8 16. Ne1 f5 17. Nd3 Bd6 18. c4 h5 19. h3 Rhg8 20. Kf1
1/2-1/2

[Event "POL Ch 52"]
[Site "Warszawa"]
[Date "1995.??.??"]
[Round "4"]
[White "Jaracz, Pawel"]
[Black "Urban, Klaudiusz"]
[Result "0-1"]
[WhiteElo "2415"]
[BlackElo "2410"]
[PlyCount "92"]
[EventDate "1995.??.??"]
[Source "Vistula"]
[SourceDate "1999.08.16"]

1. e4 c6 2. d4 d5 3. e5 c5 4. dxc5 Nc6 5. Bb5 e6 6. Nf3 Bxc5 7. O-O Nge7 8.
Nbd2 O-O 9. Nb3 Bb6 10. Bg5 Qc7 11. Re1 Ng6 12. Bxc6 bxc6 13. h4 h6 14. Be3 c5
15. h5 Ne7 16. Qc1 f5 17. c4 d4 18. Bf4 Kh7 19. Nh2 Bb7 20. f3 Nc6 21. Kf2 Qe7
22. Nf1 Nb4 23. Qd2 Qh4+ 24. Kg1 Qxh5 25. a3 Nc6 26. Qf2 a5 27. Nc1 Bd8 28. Nd3
Be7 29. Nd2 Ba6 30. Rac1 Rab8 31. Bg3 a4 32. Kf1 Na5 33. Rc2 Nb3 34. Nb1 Bg5
35. Bf4 Be7 36. Bg3 Rbd8 37. Ke2 Na1 38. Rcc1 Nb3 39. Rc2 Na1 40. Rcc1 Bg5 41.
Rh1 Qg6 42. f4 Be7 43. Bh4 Bxh4 44. Rxh4 Nb3 45. Rc2 Bb7 46. g3 Be4 0-1

[Event "POL Ch 52"]
[Site "Warszawa"]
[Date "1995.??.??"]
[Round "4"]
[White "Kempinski, Robert"]
[Black "Grabarczyk, Miroslaw"]
[Result "1-0"]
[WhiteElo "2435"]
[BlackElo "2440"]
[PlyCount "77"]
[EventDate "1995.??.??"]
[Source "Vistula"]
[SourceDate "1999.08.16"]

1. d4 Nf6 2. c4 e6 3. Nf3 Bb4+ 4. Nbd2 b6 5. e3 Bb7 6. Bd3 c5 7. O-O O-O 8. Qe2
d5 9. dxc5 Bxc5 10. a3 dxc4 11. Bxc4 a5 12. e4 Ba6 13. Bxa6 Nxa6 14. Nc4 Qc7
15. Bg5 Rfc8 16. Bxf6 gxf6 17. Rac1 Qf4 18. g3 Qb8 19. e5 f5 20. Qd2 Bf8 21.
Qg5+ Bg7 22. Nd6 Rc7 23. Rxc7 Qxc7 24. Rc1 Qd7 25. g4 h6 26. Qf4 fxg4 27. Qxg4
Nc5 28. Rc4 a4 29. Qh5 Rf8 30. Rg4 f5 31. Rg6 Kh8 32. Ng5 Nd3 33. Rxh6+ Bxh6
34. Qxh6+ Kg8 35. Nxe6 Rf7 36. Nxf7 Qxf7 37. Qg5+ Kh8 38. Qh4+ Kg8 39. Qd8+ 1-0